Visualizzazione normale
Vista MARC
- Donatoni Franco
di Personal Name
Records bibliografici associati: 1
001 - CONTROL NUMBER
- control field: 4510
003 - CONTROL NUMBER IDENTIFIER
- control field: IT-RoPau
005 - DATE AND TIME OF LATEST TRANSACTION
- control field: 20131129162454.0
008 - FIXED-LENGTH DATA ELEMENTS
- fixed length control field: 131129|| aca||aabn | a|a d
040 ## - CATALOGING SOURCE
- Original cataloging agency: IT-RoPau
- Transcribing agency: IT-RoPau
100 ## - HEADING--PERSONAL NAME
- Personal name: Donatoni Franco
- Dates associated with a name: Codice autore musica SPICS: 7147
- Relator term: Autore musica
- Name of part/section of a work: Claire per clarinetto
670 ## - SOURCE DATA FOUND
- Source citation: Work cat.: (IT-RoPau)100329: AA.VV. 794, Biennale musica 1982: numero e suono (5)